[Event "52nd National Challengers (National â€˜Bâ€™) Chess Cha"]
[Site "Indoor Stadium,Dharamshala,Himachal Pradesh,India"]
[Date "2014.05.14"]
[Round "8"]
[Board "3"]
[White "Sethuraman, S.P."]
[Black "Shyam, Nikil P."]
[Result "0-1"]
[WhiteElo "2582"]
[BlackElo "2422"]
[PlyCount "174"]
[EventDate "2014.05.09"]
[EventRounds "13"]
[EventCountry "IND"]

1. d4 Nf6 2. c4 e6 3. Nc3 Bb4 4. Qc2 O-O 5. e4 d5 6. e5 Ne4 7. Bd3 c5 8. Nf3
cxd4 9. Nxd4 Nd7 10. Bf4 Qh4 11. g3 Qh5 12. O-O g5 13. cxd5 Bxc3 14. bxc3 exd5
15. Bxe4 dxe4 16. e6 fxe6 17. Bd6 Rf7 18. Qxe4 Nf6 19. Qh1 g4 20. Rfe1 Qd5 21.
Be5 Bd7 22. c4 Qxc4 23. Qxb7 Qd5 24. Rab1 Raf8 25. Qxd5 exd5 26. Bd6 Rc8 27.
Bf4 Ne4 28. Rec1 Nc3 29. Rb2 Rc4 30. Be3 Bc8 31. Kg2 Ba6 32. Ne6 Rb7 33. Rxb7
Bxb7 34. Nd4 Nxa2 35. Ra1 Ra4 36. h3 h5 37. hxg4 hxg4 38. Rh1 Nc3 39. Rh5 Bc8
40. Nc6 Bb7 41. Nd4 Ne4 42. Re5 Kf7 43. Rf5+ Kg6 44. Rf8 Nf6 45. Kh2 a5 46. Ne6
Re4 47. Nf4+ Kg7 48. Rb8 Bc6 49. Rc8 Bd7 50. Rc7 Kf8 51. Nd3 Ke8 52. Ra7 a4 53.
Bg5 Nh7 54. Ra8+ Kf7 55. Bf4 Bb5 56. Ne5+ Ke6 57. Rb8 Be2 58. Rb6+ Kf5 59. Nf7
Re6 60. Nh6+ Kf6 61. Rb7 Ng5 62. Ng8+ Kg6 63. Ne7+ Kh5 64. Nxd5 Nf3+ 65. Kh1
Ng5 66. Kh2 Nf3+ 67. Kh1 Ng5 68. Rg7 Nh3 69. Kh2 Bf3 70. Ne7 Be4 71. Be3 Bd3
72. Nd5 Be4 73. Ne7 Bd3 74. Ng8 a3 75. Bd4 Bg6 76. Nf6+ Kg5 77. Nd5 a2 78. Ra7
Bb1 79. Nc3 Re1 80. Be3+ Kg6 81. Ra6+ Kf7 82. Ra7+ Ke8 83. Nd5 Kd8 84. Nf6 Kc8
85. Nd5 Be4 86. Ra8+ Kb7 87. Ra7+ Kb8 0-1

[Event "52nd National Challengers (National â€˜Bâ€™) Chess Cha"]
[Site "Indoor Stadium,Dharamshala,Himachal Pradesh,India"]
[Date "2014.05.14"]
[Round "8"]
[Board "4"]
[White "Lalith, Babu M.R."]
[Black "Swayams, Mishra"]
[Result "0-1"]
[WhiteElo "2571"]
[BlackElo "2442"]
[PlyCount "78"]
[EventDate "2014.05.09"]
[EventRounds "13"]
[EventCountry "IND"]

1. Nf3 Nf6 2. c4 b6 3. g3 Bb7 4. Bg2 g6 5. O-O Bg7 6. Nc3 O-O 7. d4 Ne4 8. Bd2
Nxc3 9. Bxc3 Be4 10. Qa4 d6 11. Rfd1 Qe8 12. Qa3 Nd7 13. d5 Bxc3 14. Qxc3 c6
15. Bh3 cxd5 16. cxd5 Rc8 17. Qe3 Bxf3 18. exf3 f5 19. Bf1 Nf6 20. Ba6 Rc7 21.
a4 Qf7 22. Rac1 Rc5 23. Rxc5 bxc5 24. Qb3 Qe8 25. Bb7 Qd8 26. Qb5 Qc7 27. a5 f4
28. Re1 Rb8 29. a6 Rf8 30. b4 cxb4 31. Qxb4 fxg3 32. hxg3 Rf7 33. Bc6 Nd7 34.
Bxd7 Qxd7 35. Qb7 Qf5 36. Re3 e5 37. dxe6 Rxb7 38. axb7 Qb1+ 39. Kg2 Kf8 0-1

[Event "52nd National Challengers (National â€˜Bâ€™) Chess Cha"]
[Site "Indoor Stadium,Dharamshala,Himachal Pradesh,India"]
[Date "2014.05.14"]
[Round "8"]
[Board "5"]
[White "Rathnakaran, K."]
[Black "Vishnu, Prasanna. V"]
[Result "1/2-1/2"]
[WhiteElo "2397"]
[BlackElo "2467"]
[PlyCount "108"]
[EventDate "2014.05.09"]
[EventRounds "13"]
[EventCountry "IND"]

1. e4 c5 2. Nf3 Nc6 3. Bb5 d6 4. O-O Bd7 5. Re1 Nf6 6. c3 a6 7. Ba4 b5 8. Bc2
Bg4 9. h3 Bxf3 10. Qxf3 g6 11. a4 Rb8 12. axb5 axb5 13. Na3 Nd7 14. Qe2 Qb6 15.
d4 cxd4 16. Bd3 Bg7 17. Bxb5 O-O 18. c4 Nc5 19. Qd1 d3 20. Rb1 Nd4 21. Bg5 Ne2+
22. Rxe2 dxe2 23. Qxe2 Qb7 24. f3 Ra8 25. Kh1 Rfc8 26. Nc2 Ne6 27. Be3 Nc7 28.
Nb4 Rcb8 29. Rc1 Be5 30. Nc6 Nxb5 31. Nxe5 Na7 32. Nd3 Nc6 33. b4 Ra4 34. Qc2
Qa8 35. b5 Nb4 36. Nxb4 Rxb4 37. Qc3 Ra4 38. e5 d5 39. cxd5 Qxd5 40. b6 Raa8
41. Rc2 h5 42. Kh2 Qe6 43. Rb2 Rb7 44. f4 Rd8 45. Rb4 Rc8 46. Qd3 Rcb8 47. Qd2
Kg7 48. Qf2 Ra8 49. Bd4 Kh7 50. Bb2 Kg8 51. Bd4 Rab8 52. Qe3 Rd8 53. Qf2 Rdb8
54. Qh4 Ra8 1/2-1/2

[Event "52nd National Challengers (National â€˜Bâ€™) Chess Cha"]
[Site "Indoor Stadium,Dharamshala,Himachal Pradesh,India"]
[Date "2014.05.14"]
[Round "8"]
[Board "7"]
[White "Deepan, Chakkravarthy J."]
[Black "Ravi, Teja S."]
[Result "1-0"]
[WhiteElo "2513"]
[BlackElo "2345"]
[PlyCount "53"]
[EventDate "2014.05.09"]
[EventRounds "13"]
[EventCountry "IND"]

1. d4 d5 2. c4 c6 3. Nf3 Nf6 4. Nc3 a6 5. e3 Bf5 6. Qb3 b5 7. cxd5 cxd5 8. a4
b4 9. Ne2 Nc6 10. Ng3 Na5 11. Qd1 Bg6 12. Ne5 e6 13. Bd2 Bd6 14. h4 Qe7 15. Rc1
O-O 16. h5 Be4 17. h6 gxh6 18. Rxh6 Bg6 19. e4 Nxe4 20. Nxe4 dxe4 21. Qg4 Qf6
22. Nd7 Qxd4 23. Qg5 Rfd8 24. Nf6+ Kf8 25. Rxh7 Nb3 26. Be3 Qe5 27. Qxg6 1-0

[Event "52nd National Challengers (National â€˜Bâ€™) Chess Cha"]
[Site "Indoor Stadium,Dharamshala,Himachal Pradesh,India"]
[Date "2014.05.14"]
[Round "8"]
[Board "8"]
[White "Kunte, Abhijit"]
[Black "Saravana, Krishnan P."]
[Result "1/2-1/2"]
[WhiteElo "2484"]
[BlackElo "2289"]
[PlyCount "34"]
[EventDate "2014.05.09"]
[EventRounds "13"]
[EventCountry "IND"]

1. d4 d5 2. c4 c6 3. Nc3 dxc4 4. e4 b5 5. a4 b4 6. Nce2 Nf6 7. Ng3 Ba6 8. Nf3
e6 9. Bg5 Qa5 10. Be2 h6 11. Bxf6 gxf6 12. O-O h5 13. Re1 Nd7 14. d5 O-O-O 15.
Rc1 cxd5 16. exd5 Nb6 17. Qd4 Bc5 1/2-1/2

[Event "52nd National Challengers (National â€˜Bâ€™) Chess Cha"]
[Site "Indoor Stadium,Dharamshala,Himachal Pradesh,India"]
[Date "2014.05.14"]
[Round "8"]
[Board "9"]
[White "Thejkumar, M. S."]
[Black "Harsha, Bharathakoti"]
[Result "1/2-1/2"]
[WhiteElo "2460"]
[BlackElo "2279"]
[PlyCount "71"]
[EventDate "2014.05.09"]
[EventRounds "13"]
[EventCountry "IND"]

1. d4 e6 2. c4 c5 3. d5 exd5 4. cxd5 d6 5. Nc3 a6 6. a4 Ne7 7. Nf3 Ng6 8. e4
Be7 9. Be2 O-O 10. O-O Re8 11. Re1 Bf6 12. Bf1 Nd7 13. a5 Nde5 14. Nxe5 Bxe5
15. Ra3 f5 16. exf5 Bxf5 17. Be3 Qh4 18. g3 Qf6 19. Bg2 Bd4 20. Ne4 Bxe4 21.
Bxd4 Qf5 22. Rxe4 Rxe4 23. Bxe4 Qxe4 24. Bc3 Re8 25. Ra4 Qf5 26. h4 Re4 27.
Rxe4 Qxe4 28. Qb3 Qb1+ 29. Kg2 Qe4+ 30. Kh2 Qf5 31. Kg2 Qe4+ 32. Kf1 Qh1+ 33.
Ke2 Qe4+ 34. Kf1 Qh1+ 35. Ke2 Qe4+ 36. Kf1 1/2-1/2

[Event "52nd National Challengers (National â€˜Bâ€™) Chess Cha"]
[Site "Indoor Stadium,Dharamshala,Himachal Pradesh,India"]
[Date "2014.05.14"]
[Round "8"]
[Board "10"]
[White "Roy Chowdhury, Saptarshi"]
[Black "Kumaran, B"]
[Result "0-1"]
[WhiteElo "2453"]
[BlackElo "2294"]
[PlyCount "106"]
[EventDate "2014.05.09"]
[EventRounds "13"]
[EventCountry "IND"]

1. e4 c5 2. Nf3 Nc6 3. Nc3 Nf6 4. Bb5 a6 5. Bxc6 dxc6 6. d3 g6 7. Be3 b6 8. h3
Bg7 9. Qd2 a5 10. O-O O-O 11. Bh6 Ne8 12. Bxg7 Nxg7 13. Ne2 Ne6 14. Rad1 Ba6
15. Rfe1 Ra7 16. Qh6 f6 17. e5 Ng7 18. Ng3 Qd5 19. h4 Qf7 20. d4 cxd4 21. Nxd4
Rd7 22. Nxc6 Rxd1 23. Rxd1 Qe6 24. exf6 exf6 25. Nd4 Qd5 26. Rd2 Bb7 27. Nf3
Qxa2 28. Rd7 Rf7 29. Rd8+ Rf8 30. Rd7 Rf7 31. Rd8+ Rf8 32. Rxf8+ Kxf8 33. Qxh7
Qb1+ 34. Kh2 Qxc2 35. h5 Bxf3 36. hxg6 Bd5 37. Nh5 Qc7+ 38. f4 Bg8 39. Qh6 Qe7
40. Kh3 a4 41. f5 b5 42. g4 Qb7 43. Ng3 Qf3 44. Qd2 Bd5 45. Kh4 Qg2 46. Qxg2
Bxg2 47. Ne2 b4 48. Kg3 a3 49. bxa3 bxa3 50. Nd4 a2 51. Nb3 Be4 52. Kf4 Bc2 53.
Na1 Bd1 0-1

[Event "52nd National Challengers (National â€˜Bâ€™) Chess Cha"]
[Site "Indoor Stadium,Dharamshala,Himachal Pradesh,India"]
[Date "2014.05.14"]
[Round "8"]
[Board "11"]
[White "Hemant, Sharma (del)"]
[Black "Swapnil, S. Dhopade"]
[Result "1/2-1/2"]
[WhiteElo "2267"]
[BlackElo "2434"]
[PlyCount "77"]
[EventDate "2014.05.09"]
[EventRounds "13"]
[EventCountry "IND"]

1. e4 c6 2. d4 d5 3. exd5 cxd5 4. c4 Nf6 5. Nc3 Nc6 6. Nf3 g6 7. cxd5 Nxd5 8.
Bc4 Nb6 9. Bb5 Bg7 10. Ne5 Bd7 11. Bxc6 Bxc6 12. Nxc6 bxc6 13. Be3 O-O 14. O-O
Nc4 15. Na4 Qd5 16. Qe2 Rfd8 17. Nc3 Qe6 18. Rac1 Nd6 19. Bg5 Nf5 20. Qxe6 fxe6
21. Ne2 Rac8 22. Rfd1 Nxd4 23. Nxd4 Rxd4 24. Bxe7 Rxd1+ 25. Rxd1 Bxb2 26. Bc5
a5 27. Rd6 e5 28. Kf1 Kf7 29. Ke2 e4 30. Ke3 Be5 31. Rd7+ Ke6 32. Ra7 Rd8 33.
Kxe4 Rd5 34. Bb6 Rb5 35. Bxa5 Bxh2 36. Rxh7 Rxa5 37. Rxh2 Rxa2 38. Rh6 Kf6 39.
Ke3 1/2-1/2

[Event "52nd National Challengers (National â€˜Bâ€™) Chess Cha"]
[Site "Indoor Stadium,Dharamshala,Himachal Pradesh,India"]
[Date "2014.05.14"]
[Round "8"]
[Board "12"]
[White "Singh, D.P."]
[Black "Rajesh, V A V"]
[Result "0-1"]
[WhiteElo "2254"]
[BlackElo "2382"]
[PlyCount "108"]
[EventDate "2014.05.09"]
[EventRounds "13"]
[EventCountry "IND"]

1. d4 Nf6 2. c4 g6 3. Nf3 Bg7 4. Nc3 d5 5. e3 O-O 6. b4 b6 7. Ba3 Bb7 8. Rc1
Nbd7 9. c5 c6 10. Be2 b5 11. O-O Ne8 12. Qb3 Nc7 13. Bb2 Re8 14. Rfd1 e5 15.
dxe5 Nxe5 16. Ne4 Nc4 17. Bxg7 Kxg7 18. Rxc4 bxc4 19. Qb2+ f6 20. Nd6 Rb8 21.
Nxc4 Re7 22. Na5 Ne6 23. Nd4 Nxd4 24. Rxd4 Qc7 25. Qd2 Rbe8 26. Bd3 Bc8 27. g3
Bd7 28. Kg2 Qe5 29. a4 Qc7 30. h4 Re5 31. Qc3 Rb8 32. Rf4 Re6 33. h5 Qe5 34.
h6+ Kxh6 35. Rd4 Kg7 36. e4 Be8 37. exd5 cxd5 38. b5 Rc8 39. c6 Re7 40. Qc5 Bf7
41. Nb3 Qc7 42. Rf4 Re1 43. Nd4 Qe7 44. Qc3 Qe5 45. a5 Be8 46. Qd2 Ra1 47. Nf3
Qe7 48. Bc2 a6 49. Ba4 axb5 50. Bxb5 Bxc6 51. Ba6 Rc7 52. Nd4 Bd7 53. Be2 g5
54. Rf3 Rcc1 0-1

[Event "52nd National Challengers (National â€˜Bâ€™) Chess Cha"]
[Site "Indoor Stadium,Dharamshala,Himachal Pradesh,India"]
[Date "2014.05.14"]
[Round "8"]
[Board "13"]
[White "Deshmukh, Anup"]
[Black "Karthikeyan, P."]
[Result "0-1"]
[WhiteElo "2237"]
[BlackElo "2380"]
[PlyCount "140"]
[EventDate "2014.05.09"]
[EventRounds "13"]
[EventCountry "IND"]

1. e4 e5 2. Nf3 Nc6 3. Bc4 Bc5 4. c3 Nf6 5. d4 exd4 6. cxd4 Bb4+ 7. Bd2 Bxd2+
8. Nbxd2 d5 9. exd5 Nxd5 10. O-O O-O 11. Re1 Nb6 12. Bb3 Nxd4 13. Nxd4 Qxd4 14.
Qc2 c6 15. h3 Qf6 16. Ne4 Qg6 17. Qc3 Nd5 18. Qf3 Bf5 19. Nc5 b6 20. Ne4 Rad8
21. Ng3 Be6 22. Rac1 Nb4 23. Re4 Nd3 24. Rxc6 Nc5 25. Re1 Nxb3 26. axb3 Bd5 27.
Rxg6 Bxf3 28. Rg5 f6 29. Rb5 Rd1 30. Rxd1 Bxd1 31. Nf5 Rd8 32. Rb4 Bc2 33. Ne3
Bd3 34. Ra4 Rd7 35. Ra1 Bb5 36. Rc1 Kf7 37. g4 Ke6 38. Kg2 Ke5 39. Kf3 Ba6 40.
Rc3 g6 41. Kg3 Bb7 42. Rc1 Ke6 43. Ra1 a6 44. Rc1 b5 45. h4 Ke5 46. Rc5+ Kd6
47. b4 Re7 48. Rc3 Re4 49. Rd3+ Ke6 50. Rc3 f5 51. gxf5+ gxf5 52. Nc2 Rg4+ 53.
Kh3 Bg2+ 54. Kh2 Bd5 55. Kh3 h5 56. f3 Rg1 57. Re3+ Kf6 58. Rd3 Bc4 59. Rd2 f4
60. Nd4 Rg6 61. Kh2 Ke5 62. Nc2 Bf1 63. Ne1 Bc4 64. Nc2 Rg3 65. Nd4 Bd5 66. Rd3
Be4 67. Rd2 Bxf3 68. Nb3 Rg4 69. Rd8 Rg2+ 70. Kh3 Rxb2 0-1

[Event "52nd National Challengers (National â€˜Bâ€™) Chess Cha"]
[Site "Indoor Stadium,Dharamshala,Himachal Pradesh,India"]
[Date "2014.05.14"]
[Round "8"]
[Board "14"]
[White "Sharma, Dinesh K."]
[Black "Ramnathan, Balasubramaniam"]
[Result "1/2-1/2"]
[WhiteElo "2372"]
[BlackElo "2254"]
[PlyCount "28"]
[EventDate "2014.05.09"]
[EventRounds "13"]
[EventCountry "IND"]

1. e4 e5 2. Nf3 Nf6 3. Nxe5 d6 4. Nf3 Nxe4 5. Nc3 Nxc3 6. dxc3 Be7 7. Bf4 O-O
8. Qd2 Nc6 9. O-O-O Be6 10. Kb1 Bf6 11. h4 Bg4 12. h5 Re8 13. Bc4 Ne5 14. Be2
Qd7 1/2-1/2

[Event "52nd National Challengers (National â€˜Bâ€™) Chess Cha"]
[Site "Indoor Stadium,Dharamshala,Himachal Pradesh,India"]
[Date "2014.05.14"]
[Round "8"]
[Board "15"]
[White "Konguvel, Ponnuswamy"]
[Black "Lokesh, P."]
[Result "0-1"]
[WhiteElo "2363"]
[BlackElo "2253"]
[PlyCount "102"]
[EventDate "2014.05.09"]
[EventRounds "13"]
[EventCountry "IND"]

1. e4 c5 2. Nf3 d6 3. d4 cxd4 4. Nxd4 Nf6 5. Nc3 Nc6 6. Bg5 e6 7. Qd2 a6 8.
O-O-O h6 9. Nxc6 bxc6 10. Bf4 d5 11. Qe3 Qa5 12. Be2 Bb4 13. Be5 Be7 14. h4 O-O
15. Rh3 Ne8 16. exd5 cxd5 17. Bd3 Bc5 18. Qxh6 f5 19. Qf4 Qb4 20. Qxb4 Bxb4 21.
h5 Be7 22. Kb1 Nf6 23. f3 Nd7 24. Bd4 Bc5 25. Bxc5 Nxc5 26. Be2 Rb8 27. g4 fxg4
28. fxg4 Rb4 29. g5 Rf2 30. g6 Rbf4 31. Re1 Ne4 32. Bd1 Rf1 33. Rxf1 Rxf1 34.
Kc1 Nf2 35. Rf3 d4 36. Rxf2 Rxf2 37. Ne4 Rf4 38. Nc5 a5 39. Be2 Kf8 40. Kd2 Ke7
41. Nb3 a4 42. Nc5 e5 43. Nd3 Re4 44. Bf3 Re3 45. Bc6 Bg4 46. h6 gxh6 47. g7
Kf7 48. c3 Re2+ 49. Kc1 Bf5 50. Nb4 a3 51. bxa3 dxc3 0-1

[Event "52nd National Challengers (National â€˜Bâ€™) Chess Cha"]
[Site "Indoor Stadium,Dharamshala,Himachal Pradesh,India"]
[Date "2014.05.15"]
[Round "9"]
[Board "2"]
[White "Shyam, Nikil P."]
[Black "Grover, Sahaj"]
[Result "1/2-1/2"]
[WhiteElo "2422"]
[BlackElo "2469"]
[PlyCount "72"]
[EventDate "2014.05.09"]
[EventRounds "13"]
[EventCountry "IND"]

1. d4 f5 2. Nc3 d5 3. Bg5 Nf6 4. Bxf6 exf6 5. e3 Be6 6. Nge2 Bd6 7. Nf4 Bxf4 8.
exf4 Nc6 9. Bb5 Qd6 10. Qd2 O-O 11. Bxc6 Qxc6 12. O-O Rae8 13. Rfe1 Bd7 14. a3
Qd6 15. g3 g6 16. Rxe8 Rxe8 17. Re1 Rxe1+ 18. Qxe1 Kf7 19. Qe3 Qc6 20. Qf3 Be6
21. Qd3 Bd7 22. Kf1 Ke6 23. Ke1 Qb6 24. b3 Qd6 25. Qf3 c6 26. b4 Kf7 27. Kd2
Qe7 28. Na4 Qe4 29. Qe3 Qh1 30. h4 Qf1 31. Nb2 Bc8 32. Nd1 Qc4 33. Kc1 b6 34.
Qc3 Ba6 35. Qxc4 Bxc4 36. Kd2 h5 1/2-1/2

[Event "52nd National Challengers (National â€˜Bâ€™) Chess Cha"]
[Site "Indoor Stadium,Dharamshala,Himachal Pradesh,India"]
[Date "2014.05.15"]
[Round "9"]
[Board "3"]
[White "Sengupta, Deep"]
[Black "Prince, Bajaj"]
[Result "1/2-1/2"]
[WhiteElo "2536"]
[BlackElo "2318"]
[PlyCount "55"]
[EventDate "2014.05.09"]
[EventRounds "13"]
[EventCountry "IND"]

1. e4 c5 2. Nf3 e6 3. d3 Nc6 4. g3 g6 5. d4 cxd4 6. Nxd4 Bg7 7. Nb5 d5 8. exd5
exd5 9. Qxd5 Qe7+ 10. Be2 Bg4 11. N1c3 Bxe2 12. Nxe2 Rd8 13. Qg5 Nf6 14. Qe3
Ne5 15. O-O O-O 16. Qb3 Nc6 17. Qf3 Ne4 18. Re1 Qb4 19. Nbc3 Nxc3 20. bxc3 Ne5
21. Qe3 Qa4 22. Nd4 Rfe8 23. Bd2 Nc4 24. Qd3 Ne5 25. Qe2 Nc4 26. Qd3 Ne5 27.
Qe3 Nc4 28. Qd3 1/2-1/2

[Event "52nd National Challengers (National â€˜Bâ€™) Chess Cha"]
[Site "Indoor Stadium,Dharamshala,Himachal Pradesh,India"]
[Date "2014.05.15"]
[Round "9"]
[Board "4"]
[White "Kumaran, B"]
[Black "Deepan, Chakkravarthy J."]
[Result "0-1"]
[WhiteElo "2294"]
[BlackElo "2513"]
[PlyCount "66"]
[EventDate "2014.05.09"]
[EventRounds "13"]
[EventCountry "IND"]

1. e4 e6 2. d4 d5 3. Nc3 Nf6 4. e5 Nfd7 5. Nce2 c5 6. c3 Nc6 7. f4 Be7 8. Nf3
O-O 9. g3 f6 10. Bh3 fxe5 11. Bxe6+ Kh8 12. Bxd5 cxd4 13. O-O d3 14. Qxd3 Nf6
15. c4 Bh3 16. Be3 Bxf1 17. Rxf1 Nb4 18. Qb3 Nfxd5 19. cxd5 e4 20. Ng5 Qxd5 21.
Ne6 Qxb3 22. axb3 Rfc8 23. Nc3 Bf6 24. Nxe4 Bxb2 25. Rd1 a5 26. Rd7 b5 27. f5
a4 28. f6 Re8 29. f7 Rxe6 30. Ra7 Rc8 31. Rc7 Rc6 32. Re7 Rf8 33. Nc5 Nd5 0-1

[Event "52nd National Challengers (National â€˜Bâ€™) Chess Cha"]
[Site "Indoor Stadium,Dharamshala,Himachal Pradesh,India"]
[Date "2014.05.15"]
[Round "9"]
[Board "5"]
[White "Karthikeyan, Murali"]
[Black "Himanshu, Sharma"]
[Result "1/2-1/2"]
[WhiteElo "2475"]
[BlackElo "2350"]
[PlyCount "130"]
[EventDate "2014.05.09"]
[EventRounds "13"]
[EventCountry "IND"]

1. e4 c5 2. Nf3 Nc6 3. Bb5 g6 4. O-O Bg7 5. d3 d6 6. Bxc6+ bxc6 7. h3 e5 8. c3
Ne7 9. d4 exd4 10. cxd4 cxd4 11. Nxd4 Qb6 12. Nb3 Ba6 13. Re1 Rd8 14. Nc3 O-O
15. Be3 Qb8 16. Qc2 Rfe8 17. Rad1 Bc4 18. Na5 Be6 19. Bf4 Qb4 20. Nb3 Bxb3 21.
Qxb3 Qxb3 22. axb3 Nc8 23. Re3 Kf8 24. Red3 Ke7 25. Na4 Be5 26. Bg5+ Bf6 27.
Bd2 Rd7 28. Bb4 Be5 29. g3 Rb7 30. Bd2 Nb6 31. f4 Nxa4 32. bxa4 Bxb2 33. Be3
Kf8 34. Rxd6 Rxe4 35. Bc5 Kg7 36. Rb1 f6 37. Kf1 Rxa4 38. Rxc6 Kf7 39. Rd6 Ra1
40. Rxa1 Bxa1 41. Ra6 Bb2 42. Bxa7 f5 43. Be3 Bf6 44. Ke2 h5 45. h4 Rd7 46. Rc6
Be7 47. Ra6 Rd6 48. Ra7 Rc6 49. Kd3 Ke6 50. Bd4 Bb4 51. Rg7 Kd5 52. Rd7+ Rd6
53. Rxd6+ Kxd6 54. Ke3 Kd5 55. Bg7 Be1 56. Kf3 Kc4 57. Bf6 Kd3 58. Be7 Bc3 59.
Bd8 Bd4 60. Be7 Kd2 61. Bd8 Ke1 62. Kg2 Ke2 63. Be7 Ke3 64. Bd8 Ke4 65. Be7 Bc3
 1/2-1/2

[Event "52nd National Challengers (National â€˜Bâ€™) Chess Cha"]
[Site "Indoor Stadium,Dharamshala,Himachal Pradesh,India"]
[Date "2014.05.15"]
[Round "9"]
[Board "7"]
[White "Karthikeyan, P."]
[Black "Laxman, R.R."]
[Result "1/2-1/2"]
[WhiteElo "2380"]
[BlackElo "2450"]
[PlyCount "112"]
[EventDate "2014.05.09"]
[EventRounds "13"]
[EventCountry "IND"]

1. d4 Nf6 2. c4 e6 3. Nf3 d5 4. Nc3 Bb4 5. Bg5 O-O 6. cxd5 exd5 7. Rc1 Nbd7 8.
e3 c5 9. dxc5 Nxc5 10. Qd4 Bxc3+ 11. Qxc3 Nce4 12. Bxf6 Nxf6 13. Bd3 Bg4 14.
O-O Bxf3 15. gxf3 Qb6 16. Bf5 Rfd8 17. Rfd1 Rd6 18. Qc7 g6 19. Bh3 Rad8 20.
Qxb6 Rxb6 21. b3 Rdd6 22. Kf1 Rbc6 23. Ke2 Kf8 24. Bc8 b6 25. Ba6 Ke7 26. a4
Rxc1 27. Rxc1 Kd7 28. Kd3 d4 29. Bb5+ Kd8 30. exd4 Nd5 31. Bc4 f6 32. Ke4 Nb4
33. Bg8 f5+ 34. Ke3 h6 35. f4 Nc6 36. Rd1 Ne7 37. Bc4 g5 38. d5 g4 39. b4 h5
40. a5 Ng6 41. Kd4 Ke7 42. Re1+ Kf7 43. Re6 Rxe6 44. dxe6+ Ke7 45. axb6 axb6
46. Kd5 Nxf4+ 47. Ke5 Nh3 48. Kxf5 Nxf2 49. Kg5 Ne4+ 50. Kxh5 g3 51. hxg3 Nxg3+
52. Kg4 Ne4 53. Kf4 Nd6 54. Bb3 Ne8 55. Ke5 Nc7 56. Kd4 Kd6 1/2-1/2

[Event "52nd National Challengers (National â€˜Bâ€™) Chess Cha"]
[Site "Indoor Stadium,Dharamshala,Himachal Pradesh,India"]
[Date "2014.05.15"]
[Round "9"]
[Board "8"]
[White "Lokesh, P."]
[Black "Rathnakaran, K."]
[Result "1-0"]
[WhiteElo "2253"]
[BlackElo "2397"]
[PlyCount "123"]
[EventDate "2014.05.09"]
[EventRounds "13"]
[EventCountry "IND"]

1. e4 e6 2. d4 d5 3. Nd2 Nf6 4. e5 Nfd7 5. Bd3 c5 6. c3 Nc6 7. Ne2 cxd4 8. cxd4
f6 9. exf6 Nxf6 10. O-O Bd6 11. Nf3 Qc7 12. Bg5 O-O 13. Bh4 Nh5 14. Nc3 a6 15.
Rc1 g6 16. Na4 Rxf3 17. Qxf3 Bxh2+ 18. Kh1 Bf4 19. Rc3 Qa5 20. Qd1 Qb4 21. Be2
Ng7 22. g3 Bc7 23. Rc5 e5 24. dxe5 Bh3 25. a3 Qe4+ 26. Bf3 Qf5 27. g4 Qf4 28.
Qxd5+ Kh8 29. Rc4 Qf8 30. Bg2 Bxg2+ 31. Kxg2 Re8 32. f4 Bd8 33. Bg3 Na5 34. Rc8
b5 35. Nc5 Nc4 36. Qd4 Bb6 37. Rxe8 Qxe8 38. Kh2 Qc8 39. b4 Qxg4 40. Qd1 Qf5
41. Qf3 h5 42. Rf2 Qc8 43. Bh4 Bd8 44. Bf6 Bxf6 45. exf6 Nf5 46. Qb7 Qxb7 47.
Nxb7 Nfe3 48. Re2 Kg8 49. Nd8 Ng4+ 50. Kg3 Nxf6 51. Re6 Kg7 52. Rxa6 Ne4+ 53.
Kh2 Ned6 54. Ne6+ Kf6 55. Nd4 Ke7 56. Kh3 Kf7 57. Kh4 Kg7 58. Rc6 Kf7 59. Nxb5
Nxb5 60. Rxc4 Nxa3 61. Rc6 Nb5 62. Kg5 1-0

[Event "52nd National Challengers (National â€˜Bâ€™) Chess Cha"]
[Site "Indoor Stadium,Dharamshala,Himachal Pradesh,India"]
[Date "2014.05.15"]
[Round "9"]
[Board "9"]
[White "Rajesh, V A V"]
[Black "Girinath, P.D.S."]
[Result "1-0"]
[WhiteElo "2382"]
[BlackElo "2312"]
[PlyCount "131"]
[EventDate "2014.05.09"]
[EventRounds "13"]
[EventCountry "IND"]

1. d4 f5 2. c4 Nf6 3. g3 e6 4. Bg2 c6 5. Nh3 d5 6. Nd2 Bd6 7. O-O O-O 8. Qc2 h6
9. f3 e5 10. dxe5 Bxe5 11. cxd5 Nxd5 12. Nc4 Bc7 13. e4 Nb6 14. Be3 Qe7 15. Nf4
Bxf4 16. Bxf4 Qc5+ 17. Ne3 Qxc2 18. Nxc2 fxe4 19. fxe4 Re8 20. Nd4 N8d7 21. Nf5
Ne5 22. Nd6 Re7 23. b3 Nd3 24. Nxc8 Rxc8 25. Bd6 Re6 26. Ba3 Rce8 27. Rad1 Ne5
28. Bh3 Rg6 29. Bc5 Ng4 30. Rf4 h5 31. a4 Rg5 32. Ba3 Rge5 33. Bxg4 hxg4 34.
Rxg4 Rxe4 35. Rxe4 Rxe4 36. Rd8+ Kh7 37. Rb8 Re1+ 38. Kg2 Ra1 39. Be7 Nd5 40.
Rxb7 Ra2+ 41. Kf3 Nxe7 42. Rxe7 Rb2 43. Rb7 c5 44. Rb5 a6 45. Rxc5 Rxb3+ 46.
Kg2 Rb2+ 47. Kh3 Rb6 48. a5 Rh6+ 49. Kg2 Rf6 50. h4 Rd6 51. Kf3 Rd3+ 52. Kf4
Rd4+ 53. Kg5 Ra4 54. g4 Ra2 55. h5 Ra1 56. Kf5 Rf1+ 57. Ke6 Kh6 58. Kd7 Rf4 59.
Rc6+ Kh7 60. Rxa6 Rxg4 61. Rg6 Rc4 62. Rc6 Rd4+ 63. Kc7 Rd5 64. a6 Rxh5 65. a7
Ra5 66. Kb7 1-0

[Event "52nd National Challengers (National â€˜Bâ€™) Chess Cha"]
[Site "Indoor Stadium,Dharamshala,Himachal Pradesh,India"]
[Date "2014.05.15"]
[Round "9"]
[Board "10"]
[White "Saravana, Krishnan P."]
[Black "Sethuraman, S.P."]
[Result "0-1"]
[WhiteElo "2289"]
[BlackElo "2582"]
[PlyCount "50"]
[EventDate "2014.05.09"]
[EventRounds "13"]
[EventCountry "IND"]

1. d4 e6 2. e4 d5 3. exd5 exd5 4. c4 Nf6 5. Nc3 Bb4 6. Bg5 O-O 7. Nf3 h6 8.
Bxf6 Qxf6 9. Be2 dxc4 10. O-O Be6 11. Ne5 Rd8 12. Qa4 c5 13. Bf3 cxd4 14. Qxb4
Qxe5 15. Bxb7 dxc3 16. Bxa8 Na6 17. Qa3 cxb2 18. Rae1 Qd4 19. Be4 Nc5 20. Bb1
c3 21. Re3 Bc4 22. Rfe1 Bd3 23. Rxd3 Nxd3 24. Rf1 Nxf2 25. Rxf2 Re8 0-1

[Event "52nd National Challengers (National â€˜Bâ€™) Chess Cha"]
[Site "Indoor Stadium,Dharamshala,Himachal Pradesh,India"]
[Date "2014.05.15"]
[Round "9"]
[Board "11"]
[White "Harsha, Bharathakoti"]
[Black "Lalith, Babu M.R."]
[Result "1-0"]
[WhiteElo "2279"]
[BlackElo "2571"]
[PlyCount "69"]
[EventDate "2014.05.09"]
[EventRounds "13"]
[EventCountry "IND"]

1. d4 Nf6 2. c4 e6 3. Nc3 Bb4 4. f3 Bxc3+ 5. bxc3 O-O 6. e4 d6 7. Bd3 Nh5 8.
Nh3 e5 9. Nf2 Qf6 10. O-O Nc6 11. Be3 Qg6 12. c5 b6 13. d5 Ne7 14. cxd6 cxd6
15. a4 Nf4 16. Bxf4 exf4 17. a5 Rb8 18. axb6 axb6 19. Ra7 Qg5 20. Qa4 Ng6 21.
Kh1 Ne5 22. Qb4 Qg6 23. Bb5 Bb7 24. Qd4 Qg5 25. Nd3 Ng6 26. Bc6 Bc8 27. Rb1 h5
28. Rxb6 Rxb6 29. Qxb6 h4 30. h3 f5 31. Qd4 Ne5 32. Nxe5 dxe5 33. Qxe5 Qg3 34.
Ra1 fxe4 35. d6 1-0